David Attenborough Filmography - Statistics

General Stats
  • This quiz has been taken 41 times
    13 since last reset
  • The average score is 20 of 226
Answer Stats
Type Year Name % Correct
Documentary Mini-Series 2006 Planet Earth
90%
Documentary Mini-Series 2017 Blue Planet II
80%
Documentary Mini-Series 2016 Planet Earth II
80%
Documentary Mini-Series 2001 The Blue Planet
80%
Documentary Mini-Series 2011 Frozen Planet
70%
Documentary Mini-Series 2009 Life
70%
Documentary Mini-Series 2023 Planet Earth III
70%
TV Documentary 2014 Richard Attenborough: A Life
70%
Documentary 2023 David Attenborough: A Life on Earth
60%
Documentary Mini-Series 1979 Life on Earth
60%
Documentary Mini-Series 2013 Africa
50%
Documentary Series 2024-Present Asia
50%
TV Documentary 2023 Frozen Planet II: Worlds of Wonder
50%
Documentary Mini-Series 1998 The Life of Birds
50%
Documentary Mini-Series 2002-2003 The Life of Mammals
50%
Documentary Series 1956, 1957, 1961 Zoo Quest
50%
Documentary Mini-Series 2008 Life in Cold Blood
40%
Documentary Mini-Series 1993 Life in the Freezer
40%
Documentary Mini-Series 2005 Life in the Undergrowth
40%
Documentary Series 2022-2023 Prehistoric Planet
40%
Documentary Mini-Series 2022 The Green Planet
40%
Documentary Mini-Series 2023 Wild Isles
40%
Documentary 2020 David Attenborough: A Life on Our Planet
30%
Documentary Mini-Series 2018 Dynasties
30%
Documentary 2025 Ocean with David Attenborough
30%
Documentary Series 2019-2023 Our Planet
30%
Documentary Mini-Series 2019 Seven Worlds One Planet
30%
Documentary Mini-Series 1990 The Trials of Life
30%
Documentary 2022 Climate Crisis: Extinction
20%
Documentary 2020 Extinction: The Facts
20%
Documentary Mini-Series 2021 Life in Colour
20%
Documentary Mini-Series 2014 Life Story
20%
Documentary Mini-Series 1984 The Living Planet
20%
Documentary Mini-Series 1995 The Private Life of Plants
20%
TV Show 1956 Animal, Vegetable, Mineral?
10%
Documentary Mini-Series 2021 A Perfect Planet
10%
TV Documentary 2006 Are We Changing Planet Earth?
10%
TV Documentary 2016 Attenborough and the Giant Dinosaur
10%
TV Documentary 2024 Attenborough and the Giant Sea Monster
10%
Documentary 2024 Attenborough and the Jurassic Sea Monster
10%
Documentary 2016 Attenborough at 90
10%
TV Documentary 1996 Attenborough in Paradise
10%
TV Documentary 2016 Attenborough's Life That Glows
10%
TV Documentary 2009 Charles Darwin and the Tree of Life
10%
TV Documentary 2007 Climate Change: Britain Under Threat
10%
Documentary 2019 Climate Change: The Facts
10%
Documentary Mini-Series 2015 David Attenborough's Conquest of the Skies
10%
Short Documentary 2021 David Attenborough's First Life
10%
Documentary 2018 David Attenborough's Tasmania
10%
Documentary Series 2015-2017 Deep Ocean
10%
Documentary Mini-Series 2022 Dynasties II
10%
TV Show 1975-1983 Face the Music
10%
Documentary Mini-Series 2010 First Life
10%
Documentary Mini-Series 2013 Galapagos 3D
10%
Short Documentary 2014 Galapagos: Nature's Wonderland
10%
Documentary Mini-Series 2015-2016 Great Barrier Reef with David Attenborough
10%
Documentary Mini-Series 2012 Kingdom of Plants 3D
10%
Short Documentary 2021 Kingdom of Plants with David Attenborough
10%
Documentary Mini-Series 1989 Lost Worlds, Vanished Lives
10%
Documentary Mini-Series 2011 Madagascar
10%
Documentary Mini-Series 2024 Mammals
10%
Documentary Series 2013 Micro Monsters 3D
10%
Documentary Series 2013-2017 Natural Curiosities
10%
Documentary Series 1984-2019 Natural World
10%
Documentary Mini-Series 2013 Rise of Animals: Triumph of the Vertebrates
10%
Documentary Series 1995 Survival
10%
Documentary Mini-Series 2015 The Hunt
10%
Documentary Series 2021 The Mating Game
10%
Documentary Mini-Series 1969 The Miracle of Bali
10%
Documentary Series 1975 The Tribal Eye
10%
Documentary Series 1969-1981 The World About Us
10%
Documentary Series 1977-2005 Wildlife on One
10%
TV Documentary 2016 Zoo Quest in Colour
10%
Short Documentary 2019 30x30
0%
Documentary Series 2002, 2011 60 Minutes
0%
TV Documentary 1971 A Blank on the Map
0%
Documentary Series 1962-1965 Adventure
0%
Documentary Mini-Series 2013 Alien Monster Sharks: Legends of the Deep - Deep-Sea Sharks
0%
TV Show 1978 Animal Magic
0%
Documentary 2016 A Plastic Ocean
0%
TV Show 1993, 2003 Arena
0%
TV Special 2011 Ask Attenborough Live
0%
Documentary Mini-Series 2012 Attenborough: 60 Years in the Wild
0%
TV Documentary 2017 Attenborough and the Giant Elephant
0%
TV Documentary 2021 Attenborough and the Mammoth Graveyard
0%
TV Documentary 2018 Attenborough and the Sea Dragon
0%
TV Documentary 2016 Attenborough at 90: Behind the Lens
0%
Documentary Series 2022, 2023 Attenborough's Global Adventure
0%
TV Documentary 2010 Attenborough's Journey
0%
Documentary 2015 Attenborough's Paradise Birds
0%
Documentary Mini-Series 2016 Attenborough's Passion Projects
0%
TV Documentary 2022 Attenborough's Wonder of Song
0%
TV Show 1989 A TV Dante
0%
Documentary Series 2017 Australian Story
0%
Film 1985 A Zed & Two Noughts
0%
Short Documentary 2024 Back to Camp 41
0%
TV Show 2009 BBC Proms
0%
TV Documentary 2004 Bears: Spy in the Woods
0%
Documentary Mini-Series 2013 Bill Bailey's Jungle Hero
0%
TV Show 1980, 1986 Blue Peter
0%
Documentary Series 2011 Brave New World with Stephen Hawking
0%
Documentary 2021 Breaking Boundaries: The Science of Our Planet
0%
TV Documentary 2006 Can We Save Planet Earth?
0%
Documentary Series 2011 Ceramics: A Fragile History
0%
Documentary 1996 Cities of the Wild
0%
Documentary 2020 Civilisation and America
0%
Documentary 2023 Climate Crisis: Drought
0%
Documentary 2022 Climate Crisis: Wildfires
0%
TV Documentary 2015 Cougars Undercover
0%
Short TV Documentary 2015 David Attenborough Meets President Obama
0%
TV Documentary 2014 David Attenborough's Natural History Museum Alive
0%
Short TV Documentary 2013 David Attenborough: The Early Years
0%
TV Documentary 2011 Desert Seas
0%
TV Documentary 2022 Dinosaurs - The Final Day with David Attenborough
0%
TV Documentary 1997 Eagle: Master of the Skies
0%
TV Documentary 2013 Edwardian Insects on Film
0%
TV Documentary 2003 Elephants: Spy in the Herd
0%
TV Documentary 2011 Flying Monsters 3D with David Attenborough
0%
TV Show 1994 For Love or Money
0%
Documentary Series 2008 Fossil Detectives
0%
Documentary Series 1991 Fragile Earth
0%
TV Show 1984 Gallery
0%
Documentary Series 2010 Genius of Britain: The Scientists Who Changed the World
0%
TV Show 1990 Going Live!
0%
TV Documentary 2007 Gorilla Revisited with David Attenborough
0%
TV Documentary 2002 Gorillas: On the Trail of King Kong
0%
TV Documentary 2002 Great Natural Wonders of the World
0%
Documentary Mini-Series 2011 Great Thinkers: In Their Own Words
0%
Documentary 2003 Great Wildlife Moments
0%
Documentary Mini-Series 2021 Greta Thunberg: A Year to Change the World
0%
TV Documentary 2001 Grizzly: Face to Face
0%
Documentary Series 2009, 2010, 2020 Horizon
0%
Documentary 2012 Hot Tuna
0%
TV Documentary 2012 Hummingbirds: Jewelled Messengers
0%
TV Documentary 1997 Humpback Whale: Giant of the Oceans
0%
TV Documentary 2017 In Search of Arcadia
0%
Documentary 2017 In This Climate
0%
Documentary 1999 Island of the Vampire Birds
0%
TV Documentary 1997 Leopard: Agent of Darkness
0%
TV Documentary 2002 Life on Air: David Attenborough's 50 Years in Television
0%
TV Documentary 2000 Lions: Spy in the Den
0%
TV Show 1995 Live & Kicking
0%
TV Documentary 2007 Lobo: The Wolf That Changed America
0%
TV Documentary 2001 Making Waves
0%
Documentary 2020 Meerkat: A Dynasties Special
0%
Documentary Series 1972 Merry-Go-Round
0%
Documentary Series 2020 Michael Palin: Travels of a Lifetime
0%
TV Show 1979 Multi-Colored Swap Shop
0%
Documentary Series 2010 Museum of Life
0%
Documentary Series 2013 National Geographic: Amazing Animals
0%
Documentary Series 2002-2025 Nature
0%
Documentary Mini-Series 2009 Nature's Most Amazing Events
0%
Documentary Series 1997-2022 NOVA
0%
Documentary Series 1976, 1986 Omnibus
0%
Short Documentary 2003 On the Brink
0%
Documentary 2019 Our Planet: Behind the Scenes
0%
TV Film 1956 Pantomania, or Dick Whittington
0%
Documentary 2012 Penguins
0%
TV Documentary 2020 Planet Earth: A Celebration
0%
TV Documentary 2017 Planet Earth II: A World of Wonder
0%
Documentary Mini-Series 2016 Planet Earth II: Diaries
0%
Documentary Mini-Series 2006 Planet Earth: The Future
0%
Documentary Mini-Series 2017 Plants Behaving Badly
0%
TV Documentary 1997 Polar Bear: Arctic Warrior
0%
Documentary Series 1993, 1996 Q.E.D.
0%
Documentary Series 1990 Rear Window
0%
TV Documentary 2017 Richmond Park: National Nature Reserve
0%
TV Short 2002 Robbie the Reindeer in Legend of the Lost Tribe
0%
Documentary Mini-Series 2022 Satoyama
0%
TV Documentary 2004 Satoyama: Japan's Secret Water Garden
0%
TV Show 1984, 1985 Saturday SuperStore
0%
TV Documentary 2023 Saving Our Wild Isles
0%
TV Documentary 2018 Saving Planet Earth: Fixing a Hole
0%
Short Documentary 2024 Saving the Storks with David Attenborough
0%
Documentary Series 1959 Science Is News
0%
TV Show 1972 Search
0%
Documentary Series 2021 Seat at the Table
0%
Documentary 2024 Secret Lives of Orangutans
0%
Documentary Series 2012 Secrets of Wild India
0%
Documentary Mini-Series 2024 Secret World of Sound with David Attenborough
0%
TV Documentary 2002 Serpent: Through the Eye of the Snake
0%
Documentary Mini-Series 2025 Simon Schama's Story of Us
0%
TV Documentary 2003 Smart Sharks: Swimming with Roboshark
0%
TV Documentary 2000 State of the Planet
0%
TV Documentary 2012 Superfish Bluefin Tuna
0%
Short Documentary 1996 Survival Island
0%
Documentary Series 2013, 2016 Terra Mater
0%
Short Documentary 2003 The Ancient Forests
0%
TV Show 1973 The Animal Game
0%
Documentary Mini-Series 2008 The Art of Arts TV
0%
TV Documentary 1998 The Dragons of Galapagos
0%
Documentary Series 1975 The Explorers
0%
Documentary Mini-Series 1987 The First Eden
0%
Short Documentary 2009 The Great Bustard
0%
TV Documentary 2000 The Greatest Wildlife Show on Earth
0%
Documentary Mini-Series 2001 The Human Face
0%
Documentary 2018 The Living Thames
0%
TV Documentary 2000 The Lost Gods of Easter Island
0%
Documentary 1980 The Mysterious Bee
0%
Documentary Series 1960 The Nature of Things
0%
Documentary Mini-Series 1960 The People of Paradise
0%
TV Documentary 2018 The Queen's Green Planet
0%
Documentary Series 1973-1974 The Royal Institution Christmas Lectures
0%
TV Documentary 2000 The Song of the Earth
0%
TV Show 1992, 2010 The South Bank Show
0%
Documentary Series 1980 The Spirit of Asia
0%
TV Show 1979 The Val Doonican Music Show
0%
Short Documentary 2024 The Whitley Gold Film with David Attenborough
0%
TV Documentary 2005 The Wild Life of Gerald Durrell
0%
Documentary 2021 The Year Earth Changed
0%
Documentary Series 1999 They Said It Couldn't Be Done
0%
Documentary Series 1962 This Is Your Life
0%
Documentary Mini-Series 2008 Tiger: Spy in the Jungle
0%
TV Documentary 1999 Tiger: The Elusive Princess
0%
Documentary Series 2005, 2007, 2010 Timeshift
0%
TV Documentary 2007 Tom Harrisson: The Barefoot Anthropologist
0%
TV Documentary 2007 Trek: Spy on the Wildebeest
0%
Documentary Series 2019 War on Plastic with Hugh and Anita
0%
TV Documentary 2013 When Björk Met Attenborough
0%
TV Show 1973 Where in the World?
0%
Documentary Series 1986 Wild Britain
0%
Documentary Series 2013 Wild Cameramen at Work
0%
Documentary 2020 Wild Karnataka
0%
Documentary Series 1979, 1981, 1984 Wildtrack
0%
Documentary Series 2023 Winterwatch
0%
TV Documentary 1986 World Safari
0%
No matching quizzes found
Score Distribution
Percent of People with Each Score
Percentile by Number Answered
Your Score History
You have not taken this quiz since the last reset